01039nam a2200265 a 450000100060000000300080000600500170001400800410003102000160007203500190008804000350010704100080014208200380015011000550018824501440024324600790038726000470046630000250051349000300053850000320056865100490060065100660064970000280071583000300074362888BD-RjUL20211209081134.0170126s1952 pk ||||||||s|o00| 0 eng d c: PRs. 2.50 a(BD-RjUL)63016 aBD-RjULbengcBD-RjULdBD-RjUL aeng 223 a304.609549021bDAC 1952 (VL)1 aEast Bengal.boffice of the Census Superintendent.10aFirst Census of Pakistan, 1951 :bDacca District : village list /cEast Bengal. office of the Census Superintendent ; H. H. Nomani, [comp.] aCensus of Pakistan, 1951 :bEast Bengal : Village list of Dacca District . aKarachi:bManager of Publications,c[1952] a[2],222 p. ;c25 cm. aCensus 51 ;vNo. 30A (11) a" chiefly statistical data" aEast Bengal (Bangladesh)zDaccavcensus,1951 aEast Bengal (Bangladesh)zDaccaxPopulationvStatisticsy1951 aNomani, H. H. , [comp.] aCensus 51 ;vNo. 30A (11)